| 000 | 00421nam a2200121Ia 4500 | ||
|---|---|---|---|
| 008 | 220615s9999||||xx |||||||||||||| ||und|| | ||
| 100 | _aAyben Kilislioğlu | ||
| 245 | 0 | _aIon Exchange Technologies | |
| 546 | _aEnglish[eng] | ||
| 650 | _aPhysical Sciences||Engineering and Technology||Chemistry||Physical Chemistry||Electrochemistry | ||
| 856 | _uhttps://www.intechopen.com/books/ion-exchange-technologies | ||
| 942 | _cEB | ||
| 999 |
_c9847 _d9847 |
||